000 00783nam a2200265 a 4500
005 20210219153008.0
008 991125n 000 0 u
035 _aUPN01000071983
100 _aFarr, Roger
222 _aJOURNAL OF EDUCATIONAL MEASUREMENT
245 _aA description of what happens when an examinee takes a multiple choice reading comprehension test
300 _a209-226
362 _a27, No. 3, 1990
505 _aFebrero 1991
653 0 _aCOLEGIO SUPERIOR
653 0 _aPROCESOS COGNITIVOS
653 0 _aPRUEBAS DE JUICIO
653 0 _aPRUEBAS DE LECTURA
653 0 _aPRUEBAS DE OPCION MULTIPLE
653 0 _aPRUEBAS ESTANDARIZADAS
700 _aPritchard, Robert
700 _aSmitten, Brian
904 _aAC
_b009794
905 _aArticulo
999 _c65798
_d65798